Typing Challenge: 100 'E' Words Quiz Stats

 Plays Quiz Updated Jun 18, 2018

Challenge
Share
Tweet
Embed
Score 0/100 Timer 02:00
2 Plays Today
What to type ↓ Type here! ↓ % Correct
eggegg
99.9%
eraera
99.2%
eveeve
99%
eyeeye
98.5%
elkelk
98.3%
emuemu
97.9%
eoneon
97.8%
etaeta
97.5%
efteft
97.3%
evilevil
97.1%
eddyeddy
96.9%
erseerse
96.7%
eyoteyot
96.4%
eagleeagle
96.1%
emptyempty
95.9%
elbowelbow
95.6%
enemyenemy
95.5%
eventevent
95.4%
elopeelope
95.2%
eerieeerie
95%
emceeemcee
94.9%
etudeetude
94.8%
eidereider
94.6%
eructeruct
94.5%
eyrireyrir
94.2%
ergotergot
94%
escapeescape
93.8%
embryoembryo
93.5%
editoreditor
93.3%
eggnogeggnog
93.1%
enzymeenzyme
92.7%
enamelenamel
92.5%
esteemesteem
92.3%
enigmaenigma
92%
What to type ↓ Type here! ↓ % Correct
escheweschew
91.5%
eschareschar
91%
evzoneevzone
90.4%
emotionemotion
90%
eternaleternal
89.5%
exploreexplore
88.8%
emeraldemerald
88.2%
empathyempathy
87.6%
embassyembassy
86.9%
erraticerratic
86.2%
equinoxequinox
85.1%
embargoembargo
84.3%
endemicendemic
83.2%
estuaryestuary
82%
echelonechelon
80.9%
epsilonepsilon
79.4%
ectopicectopic
78%
estivalestival
76.9%
expungeexpunge
75.5%
étagèreétagère
73.3%
epizoonepizoon
71.9%
eobionteobiont
69.9%
erethicerethic
68.5%
eighteeneighteen
66.9%
envelopeenvelope
65%
elephantelephant
63.5%
espressoespresso
61.8%
epiphanyepiphany
59.4%
escargotescargot
57.7%
emporiumemporium
55.3%
efficacyefficacy
52.9%
ekisticsekistics
50.3%
étoufféeétouffée
47.5%
esurientesurient
45.3%
What to type ↓ Type here! ↓ % Correct
educationeducation
43.3%
essentialessential
41.4%
earthwormearthworm
39%
eliminateeliminate
37%
evergreenevergreen
35.1%
eavesdropeavesdrop
32.6%
esophagusesophagus
30.1%
eccentriceccentric
28.3%
eremologyeremology
26.1%
expedientexpedient
23.9%
ebullientebullient
21.9%
embrangleembrangle
20%
exculpateexculpate
18%
excoriateexcoriate
16%
equivoqueequivoque
14.1%
extispicyextispicy
12.2%
expatiateexpatiate
11%
encryptionencryption
9.8%
epiglottisepiglottis
8.7%
effervesceeffervesce
7.7%
echinodermechinoderm
6.9%
edaphologyedaphology
6.2%
ecumenicalecumenical
5.7%
excogitateexcogitate
5.1%
electricityelectricity
4.6%
edificationedification
4.1%
expectorateexpectorate
3.7%
encyclopediaencyclopedia
3.2%
enthusiasticenthusiastic
2.5%
echolocationecholocation
2.2%
emancipationemancipation
1.8%
encouragementEXCELLENT job!
1.6%

You're not logged in!

Compare scores with friends on all Sporcle quizzes.
Join for Free
OR
Log In

You Might Also Like...

Show Comments

Extras

Top Quizzes Today


Score Distribution

Your Account Isn't Verified!

In order to create a playlist on Sporcle, you need to verify the email address you used during registration. Go to your Sporcle Settings to finish the process.

Report this User

Report this user for behavior that violates our Community Guidelines.

Details: